[Event "IECC Swiss-557.1"]
[Site "IECC email"]
[Date "2011.06.24"]
[Round "?"]
[White "Hackfeld, Michael"]
[Black "Basson, Heinrich"]
[Result "1/2-1/2"]
[WhiteElo "1395"]
[BlackElo "1622"]
[PlyCount "28"]
[EventDate "2011.??.??"]
[EventType "swiss (corr)"]
[EventRounds "1"]
[SourceTitle "Corr 2020"]
[Source "ChessBase"]
[SourceDate "2019.09.30"]
[SourceVersion "1"]
[SourceVersionDate "2019.09.30"]
[SourceQuality "1"]
[WhiteTeam "United States"]
[BlackTeam "South Africa"]
[WhiteTeamCountry "USA"]
[BlackTeamCountry "RSA"]

1. f4 d5 2. Nf3 Nf6 3. e3 g6 4. b3 Bg7 5. Bb2 0-0 6. Be2 c5 7. 0-0 Nc6 8. Ne5 Qc7 9. Nxc6 Qxc6 10. Nc3 Bf5 11. g4 Be6 12. f5 gxf5 13. gxf5 Bc8 14. Bb5 Qb6 1/2-1/2

[Event "IECG CP.2009.P.00004 email"]
[Site "IECG email"]
[Date "2009.10.01"]
[Round "?"]
[White "Hackfeld, Michael"]
[Black "Zwaneveld, Ansel"]
[Result "1-0"]
[WhiteElo "1139"]
[BlackElo "1583"]
[PlyCount "156"]
[EventDate "2009.10.01"]
[EventType "tourn (corr)"]
[EventRounds "6"]
[EventCountry "ARG"]
[SourceTitle "Corr 2024"]
[Source "ChessBase"]
[SourceDate "2023.10.19"]
[SourceVersion "1"]
[SourceVersionDate "2023.10.19"]
[SourceQuality "1"]

1. d4 d5 2. c4 c6 3. cxd5 Qxd5 4. Nc3 Qh5 5. Nf3 Nf6 6. e4 Qa5 7. Bd3 Bg4 8. 0-0 e6 9. h3 Bh5 10. Bd2 Qb6 11. Na4 Qc7 12. Rc1 Nbd7 13. e5 Nd5 14. Be4 b5 15. Nc3 Qb7 16. Bxd5 cxd5 17. Qb3 a6 18. Ne2 Nb6 19. Ng3 Bg6 20. h4 Nc4 21. Bg5 h6 22. Be3 Be7 23. h5 Bh7 24. Qc3 0-0 25. b3 b4 26. Qe1 Na3 27. Qd2 Rac8 28. Bf4 Rxc1 29. Rxc1 Rc8 30. Qe3 Rxc1+ 31. Qxc1 Bf8 32. Ne2 Qb5 33. Qd2 Qd3 34. Qxd3 Bxd3 35. Nc1 Bf5 36. Nh2 Nb5 37. Be3 Nc3 38. Bd2 Bb1 39. a4 Bc2 40. f3 Be7 41. Ng4 Nb1 42. Bf4 Bd8 43. Kf2 Na3 44. Kg3 Bb6 45. Be3 Bf5 46. Bf2 a5 47. Ne3 Bh7 48. Ne2 Bd3 49. Nc1 Ba6 50. Ng4 Nc2 51. f4 Bxd4 52. Bxd4 Nxd4 53. Kf2 Kf8 54. Nh2 Ke8 55. Nf3 Nxf3 56. Kxf3 Kd7 57. Ke3 Kc6 58. Kd4 Bf1 59. g3 Bh3 60. Nd3 Bg4 61. Nc5 Bxh5 62. f5 Bd1 63. fxe6 fxe6 64. Nxe6 g6 65. Nd8+ Kb6 66. Ne6 g5 67. Nc5 Kc6 68. e6 Kd6 69. Nb7+ Kxe6 70. Nxa5 h5 71. Nc6 h4 72. gxh4 gxh4 73. Ke3 d4+ 74. Nxd4+ Kd5 75. a5 Kc5 76. a6 Kb6 77. a7 Kb7 78. Kf4 Kxa7 1-0

[Event "IECG CP.2009.P.00004 email"]
[Site "IECG email"]
[Date "2009.10.01"]
[Round "?"]
[White "Soetewey, Patrick"]
[Black "Hackfeld, Michael"]
[Result "1-0"]
[WhiteElo "2200"]
[BlackElo "1139"]
[PlyCount "93"]
[EventDate "2009.10.01"]
[EventType "tourn (corr)"]
[EventRounds "6"]
[EventCountry "ARG"]
[SourceTitle "Corr 2024"]
[Source "ChessBase"]
[SourceDate "2023.10.19"]
[SourceVersion "1"]
[SourceVersionDate "2023.10.19"]
[SourceQuality "1"]

1. Nf3 d5 2. d4 e6 3. e3 Nf6 4. Bd3 Bd6 5. b3 0-0 6. Bb2 Bd7 7. 0-0 Nc6 8. a3 Qe7 9. Ne5 Ne4 10. f3 Bxe5 11. dxe5 Nc5 12. f4 Ne4 13. Bxe4 dxe4 14. Nd2 Qc5 15. Re1 Ne7 16. Nxe4 Qd5 17. Qxd5 exd5 18. Nc3 Rad8 19. Rad1 Bg4 20. Rd2 c6 21. h3 Be6 22. g4 g6 23. Kf2 h5 24. Kg3 Kg7 25. Red1 Rfe8 26. e4 hxg4 27. hxg4 Kg8 28. a4 a6 29. exd5 cxd5 30. Ne4 Kg7 31. Nf6 Rh8 32. c4 d4 33. Bxd4 Nc6 34. Bc3 Rxd2 35. Rxd2 Rh1 36. Rh2 Rxh2 37. Kxh2 Kf8 38. Kg3 Ke7 39. Kf3 Kd8 40. Ke4 Ne7 41. Ba5+ Kc8 42. Bb6 Kb8 43. Bc5 Nc6 44. f5 Bc8 45. Ne8 Bd7 46. Nd6 Kc7 47. Nxf7 1-0

[Event "IECG CP.2007.P.00068 email"]
[Site "IECG email"]
[Date "2007.10.01"]
[Round "?"]
[White "Rombaldoni, Denis"]
[Black "Hackfeld, Michael"]
[Result "1-0"]
[WhiteElo "2055"]
[BlackElo "1126"]
[PlyCount "49"]
[EventDate "2007.10.01"]
[EventType "tourn (corr)"]
[EventRounds "6"]
[SourceTitle "Corr 2011"]
[Source "ChessBase"]
[SourceDate "2010.08.31"]
[SourceVersion "1"]
[SourceVersionDate "2010.08.31"]
[SourceQuality "1"]

1. e4 e5 2. Nf3 Nc6 3. Bb5 a6 4. Ba4 b5 5. Bb3 Nf6 6. 0-0 Bc5 7. a4 Bb7 8. c3 0-0 9. d4 exd4 10. cxd4 Bb6 11. e5 bxa4 12. Rxa4 Ne8 13. Nc3 h6 14. d5 Ne7 15. Rg4 Kh8 16. Qd3 d6 17. Ng5 g6 18. Qh3 h5 19. Rh4 Ng7 20. g4 Kg8 21. Nce4 Nxd5 22. Bxd5 Bxd5 23. Nf6+ Qxf6 24. exf6 Ne8 25. gxh5 1-0

[Event "IECG QF.2007.0.00084"]
[Site "IECG email"]
[Date "2007.05.21"]
[Round "2.2"]
[White "Babic, Slobodan"]
[Black "Hackfeld, Michael"]
[Result "1-0"]
[WhiteElo "1000"]
[BlackElo "1131"]
[PlyCount "45"]
[EventDate "2007.05.21"]
[EventType "tourn (corr)"]
[EventRounds "6"]
[SourceTitle "Corr 2024"]
[Source "ChessBase"]
[SourceDate "2023.10.19"]
[SourceVersion "1"]
[SourceVersionDate "2023.10.19"]
[SourceQuality "1"]

1. d4 d5 2. c4 dxc4 3. Nf3 Nf6 4. e3 b5 5. a4 c6 6. b3 cxb3 7. axb5 Be6 8. Bb2 Qd7 9. Ne5 Qb7 10. Nc3 Nd5 11. Nxc6 Nxc6 12. bxc6 Qb6 13. Ra6 Qb4 14. Qd2 Nc7 15. Ra4 Qb6 16. e4 Bg4 17. d5 e5 18. Qg5 f6 19. Qxg4 Rd8 20. Bc4 g6 21. Nb5 Bd6 22. Nxd6+ Rxd6 23. Ba3 1-0

[Event "IECG QF.2007.0.00084"]
[Site "IECG email"]
[Date "2007.05.21"]
[Round "2.3"]
[White "Hackfeld, Michael"]
[Black "Eslinger, David"]
[Result "1-0"]
[WhiteElo "1131"]
[BlackElo "1000"]
[PlyCount "137"]
[EventDate "2007.05.21"]
[EventType "tourn (corr)"]
[EventRounds "6"]
[SourceTitle "Corr 2024"]
[Source "ChessBase"]
[SourceDate "2023.10.19"]
[SourceVersion "1"]
[SourceVersionDate "2023.10.19"]
[SourceQuality "1"]

1. e4 c5 2. d4 cxd4 3. c3 dxc3 4. Nxc3 Nc6 5. Nf3 g6 6. Bc4 Bg7 7. 0-0 d6 8. Qe2 Nf6 9. Rd1 Bg4 10. Bf4 0-0 11. h3 Bxf3 12. Qxf3 Qc7 13. Nb5 Qb6 14. Rac1 Rac8 15. Be3 Ne5 16. Qe2 Qa5 17. Nxa7 Ra8 18. Nb5 Nxc4 19. Qxc4 Qxa2 20. b3 Qa6 21. Bd4 Nxe4 22. Bxg7 Rfc8 23. Qxe4 Qxb5 24. Bh6 Rxc1 25. Rxc1 Qd7 26. Qd4 f6 27. Qc4+ d5 28. Qc7 Rd8 29. Bd2 Kf7 30. Ba5 Qxc7 31. Rxc7 Ke6 32. Rxb7 Rd7 33. Rb6+ Kf5 34. g4+ Ke5 35. Kg2 d4 36. Kf3 Kd5 37. Ke2 Ke4 38. f3+ Kf4 39. Kf2 Ke5 40. Bd2 Kd5 41. Ke2 Ra7 42. Kd3 Kc5 43. Rb8 e5 44. Bb4+ Kc6 45. Rf8 Kb5 46. Bd6 Ra1 47. Rxf6 Re1 48. Rf7 Re3+ 49. Kc2 Kc6 50. Bb4 Re2+ 51. Kd3 Rb2 52. Kc4 Rc2+ 53. Kd3 Rb2 54. f4 exf4 55. Kc4 Rc2+ 56. Kxd4 Rh2 57. Rxh7 f3 58. Bf8 f2 59. Rf7 Kb5 60. b4 Rxh3 61. Rxf2 Rg3 62. Rf4 Rg2 63. Ke5 g5 64. Re4 Rd2 65. Be7 Kc6 66. Bxg5 Rd5+ 67. Kf6 Rd1 68. Bh6 Ra1 69. Re5 1-0

[Event "IECG QF.2007.0.00084"]
[Site "IECG email"]
[Date "2007.05.21"]
[Round "1.1"]
[White "Hackfeld, Michael"]
[Black "Ganev, Bozhan"]
[Result "1/2-1/2"]
[WhiteElo "1131"]
[BlackElo "1041"]
[PlyCount "68"]
[EventDate "2007.05.21"]
[EventType "tourn (corr)"]
[EventRounds "6"]
[SourceTitle "Corr 2024"]
[Source "ChessBase"]
[SourceDate "2023.10.19"]
[SourceVersion "1"]
[SourceVersionDate "2023.10.19"]
[SourceQuality "1"]

1. e4 e5 2. Nf3 Nf6 3. Bd3 Bc5 4. 0-0 d6 5. Nc3 0-0 6. Na4 Nbd7 7. Qe2 a6 8. c4 Ba7 9. Bc2 b5 10. Nc3 b4 11. Nd5 a5 12. d3 c6 13. Nxf6+ Qxf6 14. Bg5 Qe6 15. a3 Bb7 16. axb4 axb4 17. Rfc1 Bc5 18. Bd2 Rfb8 19. Rxa8 Bxa8 20. Ra1 d5 21. exd5 cxd5 22. Ba4 Nf6 23. Bb5 dxc4 24. dxc4 Bxf3 25. Qxf3 e4 26. Qf4 Bd6 27. Qh4 Qe5 28. Rb1 Ra8 29. g3 Ra2 30. Bg5 Rxb2 31. Rxb2 Qxb2 32. Bxf6 Qxf6 33. Qxf6 gxf6 34. Bd7 b3 1/2-1/2

[Event "IECC CL5-2007.05 email"]
[Site "IECC email"]
[Date "2007.04.05"]
[Round "?"]
[White "Hackfeld, Michael"]
[Black "Mees, Lennu"]
[Result "1/2-1/2"]
[WhiteElo "1427"]
[BlackElo "1446"]
[PlyCount "36"]
[EventDate "2007.??.??"]
[EventType "tourn (corr)"]
[EventRounds "4"]
[SourceTitle "Corr 2008"]
[Source "ChessBase"]
[SourceDate "2008.06.24"]
[SourceVersion "1"]
[SourceVersionDate "2008.06.24"]
[SourceQuality "1"]
[WhiteTeam "US of America"]
[BlackTeam "Estonia"]
[WhiteTeamCountry "USA"]
[BlackTeamCountry "EST"]

1. e4 e5 2. Nf3 Nc6 3. d4 exd4 4. Nxd4 Nf6 5. Nxc6 dxc6 6. Qxd8+ Kxd8 7. Bg5 h6 8. Bxf6+ gxf6 9. Nd2 Bc5 10. Nb3 Bd6 11. 0-0-0 Ke7 12. Bc4 Be6 13. Bd3 Rad8 14. c3 Bf4+ 15. Kc2 b6 16. Nd4 Bd7 17. Nf5+ Bxf5 18. exf5 Rhe8 1/2-1/2

[Event "IECC Swiss-497.4"]
[Site "IECC email"]
[Date "2006.11.27"]
[Round "?"]
[White "Mauro, Danilo"]
[Black "Hackfeld, Michael"]
[Result "0-1"]
[WhiteElo "1489"]
[BlackElo "1408"]
[PlyCount "84"]
[EventDate "2006.??.??"]
[EventType "swiss (corr)"]
[EventRounds "1"]
[SourceTitle "Corr 2008"]
[Source "ChessBase"]
[SourceDate "2008.06.24"]
[SourceVersion "1"]
[SourceVersionDate "2008.06.24"]
[SourceQuality "1"]

1. e4 e5 2. Nf3 Nc6 3. Bb5 a6 4. Ba4 b5 5. Bb3 Nf6 6. Nc3 Bd6 7. d3 0-0 8. Nd5 Na5 9. Bg5 Be7 10. Nxe7+ Qxe7 11. Qd2 Nxb3 12. axb3 h6 13. Bh4 d6 14. h3 Bb7 15. 0-0 Rfe8 16. Rfd1 d5 17. Qe3 Qe6 18. Bg3 dxe4 19. Nxe5 Re7 20. d4 Rae8 21. c4 b4 22. d5 Qf5 23. Nc6 Bxc6 24. dxc6 a5 25. Ra4 Ra8 26. Rda1 Qe6 27. Rxa5 Rxa5 28. Rxa5 Qxc6 29. Rb5 Qe8 30. Rxb4 Rd7 31. Rb5 Rd3 32. Qf4 Rd1+ 33. Kh2 c6 34. Rb8 Rd8 35. Rxd8 Qxd8 36. Qd6 Qc8 37. b4 h5 38. Be5 Qf5 39. Qd4 h4 40. Qd6 Qxf2 41. Qxc6 e3 42. b5 e2 0-1

[Event "IECC Swiss-494.4"]
[Site "IECC email"]
[Date "2006.09.25"]
[Round "?"]
[White "Hackfeld, Michael"]
[Black "Moueza, Olivier"]
[Result "1-0"]
[WhiteElo "1428"]
[BlackElo "1045"]
[PlyCount "47"]
[EventDate "2006.??.??"]
[EventType "swiss (corr)"]
[EventRounds "1"]
[SourceTitle "Corr 2008"]
[Source "ChessBase"]
[SourceDate "2008.06.24"]
[SourceVersion "1"]
[SourceVersionDate "2008.06.24"]
[SourceQuality "1"]

1. c4 d5 2. cxd5 Qxd5 3. Nc3 Qa5 4. Nf3 c6 5. e4 Bg4 6. h3 Bxf3 7. Qxf3 Nd7 8. Be2 e5 9. 0-0 Be7 10. Rd1 Ngf6 11. d4 0-0 12. d5 cxd5 13. exd5 Bc5 14. d6 Bb4 15. Ne4 Nxe4 16. Qxe4 Nf6 17. Qxb7 Rab8 18. Qc7 Rb6 19. d7 Rd6 20. Qxa5 Rxd1+ 21. Bxd1 Bxa5 22. Ba4 h6 23. Be3 Re8 24. dxe8Q+ 1-0

[Event "IECC Swiss-490.3"]
[Site "IECC email"]
[Date "2005.10.03"]
[Round "?"]
[White "Vujadinovic, Milan"]
[Black "Hackfeld, Michael"]
[Result "1-0"]
[WhiteElo "2238"]
[BlackElo "1360"]
[PlyCount "67"]
[EventDate "2005.??.??"]
[EventType "tourn (corr)"]
[EventRounds "1"]
[SourceTitle "Corr 2008"]
[Source "ChessBase"]
[SourceDate "2008.06.24"]
[SourceVersion "1"]
[SourceVersionDate "2008.06.24"]
[SourceQuality "1"]

1. d4 d5 2. c4 dxc4 3. Nf3 b5 4. e3 e6 5. a4 c6 6. axb5 cxb5 7. b3 Bb4+ 8. Bd2 Bxd2+ 9. Nbxd2 a5 10. bxc4 b4 11. Ne5 Nf6 12. Qa4+ Bd7 13. Nxd7 Nfxd7 14. Bd3 0-0 15. Nb3 Nb6 16. Qb5 a4 17. Nc5 b3 18. Be4 Ra7 19. Nxb3 f5 20. Bf3 a3 21. 0-0 Qc7 22. Nc5 Qd6 23. Qb3 Rf6 24. Nxe6 Rxe6 25. c5 Qd7 26. cxb6 Ra5 27. Be2 Kf7 28. Bc4 Qd6 29. Rfc1 Nd7 30. b7 Kf6 31. Bxe6 Qxe6 32. b8Q Nxb8 33. Qxb8 Kg6 34. Qb7 1-0

[Event "IECG CP-2005-P-00099"]
[Site "IECG email"]
[Date "2005.10.01"]
[Round "1"]
[White "Baer, Werner"]
[Black "Hackfeld, Michael"]
[Result "1-0"]
[WhiteElo "1911"]
[BlackElo "1106"]
[PlyCount "29"]
[EventDate "2005.??.??"]
[EventType "tourn (corr)"]
[EventRounds "6"]
[SourceTitle "Corr 2024"]
[Source "ChessBase"]
[SourceDate "2023.10.19"]
[SourceVersion "1"]
[SourceVersionDate "2023.10.19"]
[SourceQuality "1"]

1. e4 e5 2. Nf3 Nf6 3. d4 Nxe4 4. Bd3 d5 5. Nxe5 Bd6 6. 0-0 0-0 7. c4 Re8 8. cxd5 Bxe5 9. dxe5 Qxd5 10. Qc2 Qxe5 11. Re1 f5 12. Nc3 Qa5 13. Bd2 Qc5 14. Be3 Qa5 15. Nxe4 1-0

[Event "IECG CF.2005.0.00070 email"]
[Site "IECG email"]
[Date "2005.04.03"]
[Round "?"]
[White "Hackfeld, Michael"]
[Black "Maarsen, Tjeerd"]
[Result "1-0"]
[WhiteElo "1119"]
[BlackElo "1100"]
[PlyCount "77"]
[EventDate "2005.04.03"]
[EventType "tourn (corr)"]
[EventRounds "6"]
[SourceTitle "Corr 2008"]
[Source "ChessBase"]
[SourceDate "2008.06.24"]
[SourceVersion "1"]
[SourceVersionDate "2008.06.24"]
[SourceQuality "1"]

1. d4 d5 2. e3 Nf6 3. Nf3 Bg4 4. Be2 Nc6 5. 0-0 g6 6. h3 Bh5 7. g4 Nxg4 8. hxg4 Bxg4 9. c4 e6 10. cxd5 Qxd5 11. Nc3 Qh5 12. Nh2 Bd6 13. Nxg4 0-0-0 14. Kg2 Qh4 15. Rh1 Qg5 16. Ne4 Qd5 17. Bf3 h5 18. Ngf6 Qf5 19. Nxd6+ Rxd6 20. Ne4 Rd7 21. Ng3 Qb5 22. Qb3 Qb6 23. Qxb6 axb6 24. Bd2 Rh6 25. Rac1 h4 26. Bxc6 bxc6 27. Rxc6 Kb7 28. Rc2 g5 29. e4 Rg6 30. Ne2 f6 31. f3 Rg8 32. Kf2 Rgd8 33. Be3 Rg7 34. e5 f5 35. f4 gxf4 36. Nxf4 Rh8 37. Nxe6 Rg3 38. Rxc7+ Kb8 39. Rxh4 1-0

[Event "IECG QF.2005.0.00064 email"]
[Site "IECG email"]
[Date "2005.03.25"]
[Round "?"]
[White "Hackfeld, Michael"]
[Black "Metz, Patrick"]
[Result "1/2-1/2"]
[WhiteElo "1119"]
[BlackElo "1000"]
[PlyCount "54"]
[EventDate "2005.03.25"]
[EventType "tourn (corr)"]
[EventRounds "6"]
[SourceTitle "Corr 2008"]
[Source "ChessBase"]
[SourceDate "2008.06.24"]
[SourceVersion "1"]
[SourceVersionDate "2008.06.24"]
[SourceQuality "1"]

1. d4 Nf6 2. e3 Nc6 3. Bb5 e6 4. Nf3 Bb4+ 5. Bd2 0-0 6. Bxb4 Nxb4 7. c3 Nc6 8. 0-0 d5 9. Bxc6 bxc6 10. Nbd2 Qd6 11. c4 c5 12. dxc5 Qxc5 13. Rc1 dxc4 14. Rxc4 Qb6 15. Qc1 Ba6 16. Rc6 Qa5 17. Rd1 Be2 18. Re1 Bxf3 19. Nxf3 Qxa2 20. Rxc7 Rab8 21. Re2 Rfd8 22. Nd4 Qa4 23. Rec2 Ne8 24. R7c5 Rd6 25. Rc6 Rxc6 26. Nxc6 Rb7 27. f3 h6 1/2-1/2

[Event "IECG QF.2005.0.00064 email"]
[Site "IECG email"]
[Date "2005.03.25"]
[Round "?"]
[White "Zili, Yi"]
[Black "Hackfeld, Michael"]
[Result "1-0"]
[WhiteElo "1052"]
[BlackElo "1119"]
[PlyCount "49"]
[EventDate "2005.03.25"]
[EventType "tourn (corr)"]
[EventRounds "6"]
[SourceTitle "Corr 2008"]
[Source "ChessBase"]
[SourceDate "2008.06.24"]
[SourceVersion "1"]
[SourceVersionDate "2008.06.24"]
[SourceQuality "1"]

1. e4 e5 2. Nf3 Nf6 3. Nxe5 Qe7 4. d4 d6 5. Nf3 Qxe4+ 6. Be2 Bf5 7. c3 Nbd7 8. 0-0 0-0-0 9. a4 Qe7 10. d5 Re8 11. Re1 Be4 12. c4 Bxf3 13. gxf3 Qe5 14. Nc3 Kb8 15. Be3 a6 16. a5 Qf5 17. b4 Qg6+ 18. Kh1 Qh5 19. b5 axb5 20. a6 b6 21. Nxb5 Rc8 22. Qa4 c6 23. dxc6 Rxc6 24. Nd4 Rc7 25. f4 1-0

[Event "IECG CF.2004.0.00058 email"]
[Site "IECG email"]
[Date "2004.03.24"]
[Round "1"]
[White "Hackfeld, Michael"]
[Black "De Paula Collecta, Zaqueu"]
[Result "1-0"]
[WhiteElo "1132"]
[BlackElo "1000"]
[PlyCount "33"]
[EventDate "2004.03.24"]
[EventType "tourn (corr)"]
[EventRounds "6"]
[SourceTitle "Corr 2008"]
[Source "ChessBase"]
[SourceDate "2008.06.24"]
[SourceVersion "1"]
[SourceVersionDate "2008.06.24"]
[SourceQuality "1"]

1. e4 c5 2. d4 cxd4 3. c3 dxc3 4. Nxc3 Nc6 5. Nf3 d6 6. Bc4 e6 7. 0-0 Nf6 8. Bb5 Bd7 9. Be3 Be7 10. Rc1 0-0 11. Be2 Ng4 12. Bf4 e5 13. Bg3 Nf6 14. Bh4 Be6 15. b3 Rc8 16. Qd3 Nh5 17. Bxe7 1-0

[Event "IECG CF.2004.0.00058 email"]
[Site "IECG email"]
[Date "2004.03.24"]
[Round "?"]
[White "Hughes, Chris"]
[Black "Hackfeld, Michael"]
[Result "0-1"]
[WhiteElo "855"]
[BlackElo "1132"]
[PlyCount "66"]
[EventDate "2004.03.24"]
[EventType "tourn (corr)"]
[EventRounds "6"]
[SourceTitle "Corr 2008"]
[Source "ChessBase"]
[SourceDate "2008.06.24"]
[SourceVersion "1"]
[SourceVersionDate "2008.06.24"]
[SourceQuality "1"]

1. d4 d5 2. c4 c6 3. Nf3 Nf6 4. Nc3 dxc4 5. a4 Bf5 6. e3 e6 7. Bxc4 Bb4 8. 0-0 0-0 9. Nh4 Bg4 10. f3 Bh5 11. g4 Nd5 12. Qe1 Be7 13. Ng2 Bg6 14. Qf2 f6 15. e4 Nc7 16. Be3 Bf7 17. Rad1 Nd7 18. d5 cxd5 19. exd5 exd5 20. Nxd5 Nxd5 21. Bxd5 Bxd5 22. Rxd5 Qe8 23. b3 b6 24. Nf4 Nc5 25. Qc2 Rc8 26. Qb2 Bd6 27. Bxc5 Bxc5+ 28. Kg2 Qe3 29. Kg3 Rfe8 30. Ng2 Qe6 31. Nf4 Bd6 32. Qd2 Be5 33. Rd3 g5 0-1

[Event "IECG CF.2004.0.00058 email"]
[Site "IECG email"]
[Date "2004.03.24"]
[Round "?"]
[White "Zebre, Peter"]
[Black "Hackfeld, Michael"]
[Result "1-0"]
[WhiteElo "1066"]
[BlackElo "1132"]
[PlyCount "65"]
[EventDate "2004.03.24"]
[EventType "tourn (corr)"]
[EventRounds "6"]
[SourceTitle "Corr 2008"]
[Source "ChessBase"]
[SourceDate "2008.06.24"]
[SourceVersion "1"]
[SourceVersionDate "2008.06.24"]
[SourceQuality "1"]

1. d4 d5 2. c4 c6 3. Nf3 Nf6 4. Nc3 dxc4 5. a4 Bf5 6. Ne5 Nbd7 7. Nxc4 Qc7 8. g3 e5 9. dxe5 Nxe5 10. Bf4 Rd8 11. Qc1 Bd6 12. Nxd6+ Qxd6 13. Bg2 0-0 14. 0-0 a5 15. Nd1 Nh5 16. Bg5 f6 17. Be3 Qe6 18. f3 Nc4 19. Bc5 Nd2 20. Bxf8 Nb3 21. Qc3 Nxa1 22. Bc5 Bg6 23. e4 Qb3 24. Qxa5 Re8 25. Nc3 Nc2 26. Rd1 Bf7 27. Bh3 Be6 28. Rd8 Bxh3 29. Rxe8+ Kf7 30. Bf2 Kxe8 31. Qxh5+ Ke7 32. Qxh3 Qxb2 33. Bc5+ 1-0

[Event "IECG CF.2003.0.00050 email"]
[Site "IECG email"]
[Date "2003.08.03"]
[Round "?"]
[White "Thurrott, Allan"]
[Black "Hackfeld, Michael"]
[Result "1-0"]
[WhiteElo "1061"]
[BlackElo "1149"]
[PlyCount "49"]
[EventDate "2003.08.03"]
[EventType "tourn (corr)"]
[EventRounds "6"]
[SourceTitle "Corr 2008"]
[Source "ChessBase"]
[SourceDate "2008.06.24"]
[SourceVersion "1"]
[SourceVersionDate "2008.06.24"]
[SourceQuality "1"]

1. e4 d5 2. exd5 c6 3. dxc6 Nxc6 4. Nf3 Nf6 5. Bb5 a6 6. Bxc6+ bxc6 7. d3 e6 8. Nbd2 Bb4 9. c3 Ba5 10. Nc4 Bb6 11. Bg5 Ba7 12. 0-0 0-0 13. Nfe5 Bb7 14. Qf3 Qd5 15. Qg3 Nh5 16. Qg4 f6 17. Qxh5 fxe5 18. Qg4 e4 19. Bh6 Rf7 20. Rae1 exd3 21. Ne5 Re7 22. Bg5 Ree8 23. Bf6 g6 24. Nxg6 Kf7 25. Ne5+ 1-0

[Event "IECG CF.2002.0.00037 email"]
[Site "IECG email"]
[Date "2002.11.14"]
[Round "?"]
[White "Barker, Nick"]
[Black "Hackfeld, Michael"]
[Result "0-1"]
[WhiteElo "1152"]
[BlackElo "1135"]
[PlyCount "56"]
[EventDate "2002.11.14"]
[EventType "tourn (corr)"]
[EventRounds "6"]
[SourceTitle "Corr 2008"]
[Source "ChessBase"]
[SourceDate "2008.06.24"]
[SourceVersion "1"]
[SourceVersionDate "2008.06.24"]
[SourceQuality "1"]

1. e4 e5 2. Nf3 Nc6 3. Bb5 a6 4. Ba4 Nf6 5. 0-0 b5 6. Bb3 Bc5 7. Nxe5 Nxe5 8. d4 Bxd4 9. Qxd4 d6 10. c3 0-0 11. Bg5 c5 12. Qd1 h6 13. Bxf6 Qxf6 14. f4 Ng6 15. Bd5 Rb8 16. Nd2 Qh4 17. Nf3 Qxf4 18. Nd4 Qg5 19. Ne2 Bg4 20. Qd3 Ne5 21. Qc2 Qe3+ 22. Rf2 Nd3 23. Qxd3 Qxd3 24. Nf4 Qe3 25. Ng6 c4 26. Nxf8 Rxf8 27. h3 Be6 28. Bc6 f5 0-1

[Event "IECG CF.2002.0.00037 email"]
[Site "IECG email"]
[Date "2002.11.14"]
[Round "?"]
[White "Hackfeld, Michael"]
[Black "Jordaan, Wayne"]
[Result "1-0"]
[WhiteElo "1135"]
[BlackElo "1144"]
[PlyCount "43"]
[EventDate "2002.11.14"]
[EventType "tourn (corr)"]
[EventRounds "6"]
[SourceTitle "Corr 2008"]
[Source "ChessBase"]
[SourceDate "2008.06.24"]
[SourceVersion "1"]
[SourceVersionDate "2008.06.24"]
[SourceQuality "1"]

1. e4 c5 2. Nc3 d6 3. Bc4 Nf6 4. Nf3 e6 5. 0-0 Nc6 6. d4 cxd4 7. Nxd4 a6 8. Nxc6 bxc6 9. Qf3 Bb7 10. Rd1 Nd7 11. Bf4 Nc5 12. b4 d5 13. bxc5 Qf6 14. exd5 exd5 15. Re1+ Be7 16. Bd6 Qxf3 17. Rxe7+ Kd8 18. gxf3 Bc8 19. Nxd5 cxd5 20. c6 Be6 21. c7+ Kc8 22. Rb1 1-0